| 000 | 02376cam a22004934i 4500 | ||
|---|---|---|---|
| 003 | PE-LiUPU | ||
| 005 | 20250731173524.0 | ||
| 008 | 150706s1992 miu r 000 0 eng d | ||
| 020 | _a0830817573 | ||
| 035 | _a(Sirsi) i9780830817573 | ||
| 040 |
_aPE-LiUPU _bspa _cPE-LiUPU _erda |
||
| 049 | _aPRUA | ||
| 082 | 0 | 4 |
_a236.9 _bG81 _221 |
| 100 | 1 |
_aGrenz, Stanley J., _d1950-2005, _eautor. |
|
| 245 | 1 | 4 |
_aThe millennial maze : _bsorting out evangelical options / _cStanley J. Grenz. |
| 264 | 1 |
_aIllinois : _bInterVarsity Press, _c1992. |
|
| 300 |
_a239 páginas ; _c21 centímetros |
||
| 336 |
_atext _2rdacontent |
||
| 337 |
_aunmediated _2rdamedia |
||
| 338 |
_avolume _2rdacarrier |
||
| 505 | 0 | _aThe nearness of the end -- Anticipating the end Bringing in the Kingdom -- A future Kingdom for Israel -- Millennial blessing for the Church -- A golden age beyond time -- Optimism-pessimism-realism -- Our present in the light of God's future. | |
| 526 | _aSEG42 | ||
| 526 | _aSEG41 | ||
| 526 | _aSEG40 | ||
| 526 | _aSEG39 | ||
| 526 | _aP94 | ||
| 526 | _aP87 | ||
| 526 | _aP86 | ||
| 526 | _aP85 | ||
| 526 | _aP77 | ||
| 526 | _aP76 | ||
| 526 | _aP35 | ||
| 541 | _g103-9371823-5856269; | ||
| 650 | 1 | 4 | _aDispensacionalismo. |
| 650 | 1 | 4 |
_aEscatología. _95923 |
| 650 | 1 | 4 | _aMilenarismo. |
| 942 |
_2ddc _cBOOK |
||
| 949 |
_a236.9 G81 _wDEWEY _c1 _i42150 _d2015-9-18 _e2015-9-17 _lCCODEBUL1 _mBUL _n1 _r0 _sY _tBOOK _u2015-6-16 _xTEOLOGIA _zUNKNOWN _0COMPRA _o.CIRCNOTE. No olvidar cambiar la fecha de devolución!!!!!!! _o.STAFF. Colección Teología |
||
| 949 |
_aPGT 236.9 G81 _wDEWEY _c1 _i64277 _lCCODEBUL1 _mBUL _p12.00 _r0 _sY _tBOOK _u2015-7-6 _xTEOLOGIA _PP85 _0COMPRA _o.CIRCNOTE. No olvidar cambiar la fecha de devolución!!!!!!! _o.STAFF. Colección Teología |
||
| 994 |
_aC0 _bPEPRU |
||
| 596 | _a1 | ||
| 999 |
_a236.9 G81 _wDEWEY _c59842 _i42150 _d59842 _e2015-9-17 _f2021-11-10 _g5 _lCCODEBUL1 _mBUL _n1 _p12.00 _r0 _sY _tBOOK _u2015-6-16 _xTEOLOGIA _PP35 _0COMPRA _o.CIRCNOTE. No olvidar cambiar la fecha de devolución!!!!!!! _o.STAFF. Colección Teología |
||
| 999 |
_aPGT 236.9 G81 _wDEWEY _c1 _i64277 _d2018-5-4 _f2021-11-10 _g5 _lCCODEBUL1 _mBUL _p12.00 _q1 _r0 _sY _tBOOK _u2015-7-6 _xTEOLOGIA _PP85 _0COMPRA _o.CIRCNOTE. No olvidar cambiar la fecha de devolución!!!!!!! _o.STAFF. Colección General |
||
| 980 |
_81 _gALBERTO SANCHEZ Responsable de Automatización |
||